Psicología educativa

Uloženo v:
Podrobná bibliografie
Hlavní autor: Sánchez Hidalgo, Efraín (Autor)
Médium: Kniha
Jazyk:španělština
Vydáno: San Juan Universidad de Puerto Rico 1959
Vydání:2a. ed
Témata:
Tagy: Přidat tag
Žádné tagy, Buďte první, kdo vytvoří štítek k tomuto záznamu!

MARC

LEADER 00000nam a2200000 a 4500
001 UCZ6499
003 CL-VaPUC
008 951211e19590000PR |||||||||||||||||spa|d
082 0 4 |a 370.15  |b SAN  |2 21 
100 0 |a Sánchez Hidalgo, Efraín  |e author  |9 350839 
245 1 0 |a Psicología educativa 
250 |a 2a. ed 
300 |a 718 p 
942 |c BK 
945 |d 19951211 00:00:00  |a cmena 
260 |a San Juan  |b Universidad de Puerto Rico  |c 1959 
650 0 |a Psicología educacional   |9 307830 
650 0 |a Filosofía de la educación   |9 258384 
650 0 |a Cognición   |9 270347 
650 0 |a Procesos de aprendizaje  |9 309161 
650 0 |a Métodos de enseñanza  |9 270413 
650 0 |a Motivación   |9 315362 
650 0 |a Desarrollo individual   |9 307875 
650 0 |a Personalidad   |9 307255 
650 0 |a Interacción social   |9 307764 
583 |a last modification  |c 19951211 00:00:00  |k Rodrigo Vera 
999 |c 242698  |d 242696